| 000 | 01692nam a2200481 i 4500 | ||
|---|---|---|---|
| 001 | 13389 | ||
| 003 | KOSZ 005 | ||
| 005 | 20210809100645.0 | ||
| 008 | 080819s1964 pl a f f 000 0 pol | ||
| 015 | _aPB 1964/2801 | ||
| 040 |
_aWA N _cWA N _dKOSZ 005/KK _dKOSZ 005/HR |
||
| 041 | 1 |
_apol _heng |
|
| 046 | _k1964 | ||
| 080 | _a519.24 | ||
| 080 | _a621.396 | ||
| 100 | 1 |
_aHelstrom, Carl W. _eAutor |
|
| 245 | 1 | 0 |
_aStatystyczna teoria detekcji / _cCarl W. Helstrom ; tłumaczenie T. Buczkowska [et al.]. |
| 246 | 1 |
_iTytuł oryginału: _aStatistical theory of signal detection. |
|
| 260 |
_aWarszawa : _bWydawnictwa Naukowo-Techniczne, _c1964. |
||
| 300 |
_a417, [2] stron : _bilustracje ; _c23 cm. |
||
| 336 |
_2rdacontent _aTekst _btxt |
||
| 337 |
_2rdamedia _aBez urządzenia pośredniczącego _bn |
||
| 338 |
_2rdacarrier _aWolumin _bnc |
||
| 380 | _aKsiążki. | ||
| 380 | _aPrace naukowe | ||
| 380 | _aPublikacje dydaktyczne | ||
| 385 | _aPracownicy naukowi | ||
| 385 | _aInżynierowie | ||
| 385 |
_mPoziom nauczania _aSzkoły wyższe |
||
| 388 | _a1901-2000 | ||
| 388 | _a1945-1989 | ||
| 504 | _aBibliografia przy rozdziałach. | ||
| 521 | 8 | _aDla pracowników naukowych, inżynierów i słuchaczy szkół wyższych. | |
| 650 | 4 | _aStatystyka matematyczna | |
| 650 | 4 | _aTeoria sygnałów | |
| 650 | 4 | _aRadiokomunikacja | |
| 658 | _aInżynieria i technika | ||
| 658 | _aMatematyka | ||
| 700 | 1 |
_aBuczkowska, Teresa. _eTłumaczenie |
|
| 710 | 2 |
_aWydawnictwa Naukowo-Techniczne _4pbl. |
|
| 856 |
_uhttp://koha.tu.koszalin.pl/cgi-bin/koha/opac-detail.pl?biblionumber=13389 _yKatalog online BPK |
||
| 942 |
_2UKD _cKS |
||
| 999 |
_c13389 _d13389 |
||